Investment analysis for real estate decisions / (Record no. 17258)
[ view plain ]
| 000 -LEADER | |
|---|---|
| fixed length control field | 01363cam a22003614i 4500 |
| 001 - CONTROL NUMBER | |
| control field | 17947730 |
| 003 - CONTROL NUMBER IDENTIFIER | |
| control field | OSt |
| 005 - DATE AND TIME OF LATEST TRANSACTION | |
| control field | 20211109115039.0 |
| 008 - FIXED-LENGTH DATA ELEMENTS--GENERAL INFORMATION | |
| fixed length control field | 131119s2013 wiua b 001 0 eng |
| 010 ## - LIBRARY OF CONGRESS CONTROL NUMBER | |
| LC control number | 2013426809 |
| 020 ## - INTERNATIONAL STANDARD BOOK NUMBER | |
| International Standard Book Number | 9781427742056 |
| 040 ## - CATALOGING SOURCE | |
| Original cataloging agency | DLC |
| Language of cataloging | eng |
| Transcribing agency | HU |
| Description conventions | rda |
| 042 ## - AUTHENTICATION CODE | |
| Authentication code | pcc |
| 050 00 - LIBRARY OF CONGRESS CALL NUMBER | |
| Classification number | HD1382.5 |
| Item number | .G74 2013 |
| 082 ## - DEWEY DECIMAL CLASSIFICATION NUMBER | |
| Classification number | 332.63/24KOL 2013 |
| 100 1# - MAIN ENTRY--PERSONAL NAME | |
| Personal name | Kolbe, Phillip T. |
| 9 (RLIN) | 17461 |
| 245 10 - TITLE STATEMENT | |
| Title | Investment analysis for real estate decisions / |
| Statement of responsibility, etc. | Phillip T. Kolbe, Gaylon E. Greer, and Bennie D. Waller Jr. |
| 250 ## - EDITION STATEMENT | |
| Edition statement | Eighth edition. |
| 264 #1 - PRODUCTION, PUBLICATION, DISTRIBUTION, MANUFACTURE, AND COPYRIGHT NOTICE | |
| Place of production, publication, distribution, manufacture | La Crosse, WI : |
| Name of producer, publisher, distributor, manufacturer | Dearborn, |
| Date of production, publication, distribution, manufacture, or copyright notice | [2013] |
| 300 ## - PHYSICAL DESCRIPTION | |
| Extent | xviii, 526 pages : |
| Other physical details | illustrations ; |
| Dimensions | 24 cm |
| 336 ## - CONTENT TYPE | |
| Content type term | text |
| Source | rdacontent |
| 337 ## - MEDIA TYPE | |
| Media type term | unmediated |
| Source | rdamedia |
| 338 ## - CARRIER TYPE | |
| Carrier type term | volume |
| Source | rdacarrier |
| 500 ## - GENERAL NOTE | |
| General note | Previous edition was published as: Investment analysis for real estate decisions / Phillip T. Kolbe, Gaylon E. Greer. Chicago, IL : Dearborn Real Estate Education, c2009. |
| 504 ## - BIBLIOGRAPHY, ETC. NOTE | |
| Bibliography, etc. note | Includes bibliographical references and index. |
| 650 #0 - SUBJECT ADDED ENTRY--TOPICAL TERM | |
| Topical term or geographic name entry element | Real estate investment |
| General subdivision | Decision making. |
| 9 (RLIN) | 17462 |
| 650 #0 - SUBJECT ADDED ENTRY--TOPICAL TERM | |
| Topical term or geographic name entry element | Investment analysis. |
| 9 (RLIN) | 9890 |
| 700 1# - ADDED ENTRY--PERSONAL NAME | |
| Personal name | Greer, Gaylon E. |
| 9 (RLIN) | 17463 |
| 700 1# - ADDED ENTRY--PERSONAL NAME | |
| Personal name | Waller, Bennie D., |
| Titles and other words associated with a name | Jr. |
| 9 (RLIN) | 17464 |
| 906 ## - LOCAL DATA ELEMENT F, LDF (RLIN) | |
| a | 7 |
| b | cbc |
| c | origcop |
| d | 2 |
| e | ncip |
| f | 20 |
| g | y-gencatlg |
| 942 ## - ADDED ENTRY ELEMENTS (KOHA) | |
| Source of classification or shelving scheme | Dewey Decimal Classification |
| Koha item type | Books like text book referance book |
| Suppress in OPAC | No |
| Withdrawn status | Lost status | Source of classification or shelving scheme | Damaged status | Not for loan | Collection code | Home library | Current library | Shelving location | Date acquired | Total Checkouts | Full call number | Barcode | Date last seen | Copy number | Price effective from | Koha item type |
|---|---|---|---|---|---|---|---|---|---|---|---|---|---|---|---|---|
| Dewey Decimal Classification | Reference | Wondo Genet Library | Wondo Genet Library | General Stacks | 11/09/2021 | 332.63/24KOL 2013 | WGCFNRL00004985 | 11/09/2021 | 1 | 11/09/2021 | Books like text book referance book |